| 000 | 00746nam a2200217 i 4500 | ||
|---|---|---|---|
| 001 | 188913 | ||
| 003 | SpMaBN | ||
| 005 | 20240102220159.0 | ||
| 008 | 190226s2014 sp |||| | spa d | ||
| 020 | _a978-84-15883-91-3 | ||
| 080 | _a821.134.2-14"19" | ||
| 100 | 1 |
_aJaraba Jurado, Sacramento. _966096 |
|
| 245 | 1 | 0 |
_aMemorias del alma _b: antología poética / _cSacramento Jaraba Jurado. |
| 250 | _a1ª ed. | ||
| 260 |
_aMadrid : _bÉride, _c2014. |
||
| 300 |
_a204 p. ; _c21 cm. |
||
| 852 |
_aES-MaACL _jA-14409 _9196047 _bR.152010 _cDEPO1 _dOlim: N-7409 _gDedicatoria autógrafa de la autora _hDonación: Sacramento Jaraba Jurado |
||
| 903 |
_966096 _aJaraba Jurado, Sacramento _ednr |
||
| 942 |
_2udc _cMONOGRAFIA |
||
| 999 |
_c188913 _d188913 |
||